Chemical Genomics Small Molecule Probes to Study Cellular Function /

Chemical genomics is a highly interdisciplinary and very exciting field of research both in academics and in the life sciences industry. The Ernst Schering Research Foundation Workshop 58 was organized to bring together scientific leaders in the field to discuss the implications of chemical genomics...

Πλήρης περιγραφή

Λεπτομέρειες βιβλιογραφικής εγγραφής
Συγγραφή απο Οργανισμό/Αρχή: SpringerLink (Online service)
Άλλοι συγγραφείς: Jaroch, S. (Επιμελητής έκδοσης), Weinmann, H. (Επιμελητής έκδοσης)
Μορφή: Ηλεκτρονική πηγή Ηλ. βιβλίο
Γλώσσα:English
Έκδοση: Berlin, Heidelberg : Springer Berlin Heidelberg, 2006.
Σειρά:Ernst Schering Research Foundation Workshop, 58
Θέματα:
Διαθέσιμο Online:Full Text via HEAL-Link
LEADER 03047nam a22005535i 4500
001 978-3-540-37635-4
003 DE-He213
005 20151204190158.0
007 cr nn 008mamaa
008 100301s2006 gw | s |||| 0|eng d
020 |a 9783540376354  |9 978-3-540-37635-4 
024 7 |a 10.1007/978-3-540-37635-4  |2 doi 
040 |d GrThAP 
050 4 |a QD415-436 
072 7 |a PNN  |2 bicssc 
072 7 |a SCI013040  |2 bisacsh 
082 0 4 |a 547  |2 23 
245 1 0 |a Chemical Genomics  |h [electronic resource] :  |b Small Molecule Probes to Study Cellular Function /  |c edited by S. Jaroch, H. Weinmann. 
264 1 |a Berlin, Heidelberg :  |b Springer Berlin Heidelberg,  |c 2006. 
300 |a XIV, 179 p.  |b online resource. 
336 |a text  |b txt  |2 rdacontent 
337 |a computer  |b c  |2 rdamedia 
338 |a online resource  |b cr  |2 rdacarrier 
347 |a text file  |b PDF  |2 rda 
490 1 |a Ernst Schering Research Foundation Workshop,  |x 0947-6075 ;  |v 58 
505 0 |a Chemogenomics in Drug Discovery -- Chemogenomics Strategies for G-Protein Coupled Receptor Hit Finding -- Chemogenomics Approaches to G-Protein Coupled Receptor Lead Finding -- Diversity Oriented Synthesis: A Challenge for Synthetic Chemists -- Probing Protein Function with Small Molecules -- Tamoxifen-Based Probes for the Study of Estrogen Receptor-Mediated Transcription -- Protein Structure Similarity Clustering and Natural Product Structure as Guiding Principles for Chemical Genomics -- Tackling the Chemogenomic Space by Novel Screening Technologies. 
520 |a Chemical genomics is a highly interdisciplinary and very exciting field of research both in academics and in the life sciences industry. The Ernst Schering Research Foundation Workshop 58 was organized to bring together scientific leaders in the field to discuss the implications of chemical genomics for drug discovery. Various aspects of the interface between chemistry and biology are covered in this volume, such as chemogenomics efforts in the pharmaceutical industry, diversity-oriented synthesis, chemogenomic approaches to the study of cell function, screening technologies, and natural products as tools in chemical biology. 
650 0 |a Chemistry. 
650 0 |a Molecular biology. 
650 0 |a Pharmacology. 
650 0 |a Organic chemistry. 
650 0 |a Medicinal chemistry. 
650 0 |a Biochemistry. 
650 1 4 |a Chemistry. 
650 2 4 |a Organic Chemistry. 
650 2 4 |a Medicinal Chemistry. 
650 2 4 |a Pharmacology/Toxicology. 
650 2 4 |a Biochemistry, general. 
650 2 4 |a Molecular Medicine. 
650 2 4 |a Biomedicine general. 
700 1 |a Jaroch, S.  |e editor. 
700 1 |a Weinmann, H.  |e editor. 
710 2 |a SpringerLink (Online service) 
773 0 |t Springer eBooks 
776 0 8 |i Printed edition:  |z 9783540278658 
830 0 |a Ernst Schering Research Foundation Workshop,  |x 0947-6075 ;  |v 58 
856 4 0 |u http://dx.doi.org/10.1007/978-3-540-37635-4  |z Full Text via HEAL-Link 
912 |a ZDB-2-CMS 
950 |a Chemistry and Materials Science (Springer-11644)